LIBRARY ONLINE CATALOGUE

Learning to teach : (Record no. 2167)

MARC details
000 -LEADER
fixed length control field 00571cam a22002052 4500
001 - CONTROL NUMBER
control field 0000003587
005 - DATE AND TIME OF LATEST TRANSACTION
control field 20151217145737.0
008 - FIXED-LENGTH DATA ELEMENTS--GENERAL INFORMATION
fixed length control field 070510s xx 000 0 eng d
020 ## - INTERNATIONAL STANDARD BOOK NUMBER
International Standard Book Number 0710000936 :
040 ## - CATALOGING SOURCE
Original cataloging agency KABU
Transcribing agency KABU
050 #0 - LIBRARY OF CONGRESS CALL NUMBER
Classification number LB1707
Item number .D69
100 1# - MAIN ENTRY--PERSONAL NAME
Personal name Dow, Gwyneth.
-- 0000153601
245 10 - TITLE STATEMENT
Title Learning to teach :
Remainder of title teaching to learn.
260 ## - PUBLICATION, DISTRIBUTION, ETC. (IMPRINT)
Place of publication, distribution, etc. London :
Name of publisher, distributor, etc. Routledge & Kegan,
Date of publication, distribution, etc. 1979.
300 ## - PHYSICAL DESCRIPTION
Extent ix, 262 p.
650 #0 - SUBJECT ADDED ENTRY--TOPICAL TERM
Topical term or geographic name as entry element Teachers, Training of.
-- 0000153529
908 ## - PUT COMMAND PARAMETER (RLIN)
Put command parameter 070510
950 ## - LOCAL HOLDINGS (RLIN)
-- 1
Holdings
Withdrawn status Lost status Source of classification or shelving scheme Not for loan Home library Current library Date acquired Total Checkouts Full call number Barcode Date last seen Price effective from Koha item type
    Library of Congress Classification   Kabarak, Main Campus Kabarak, Main Campus 17/12/2015   LB1707 .D69 007635 17/12/2015 17/12/2015 General Collection